|
|
|
|
| LEADER |
01028nam a2200265 u 4500 |
| 001 |
10024551 |
| 003 |
upatras |
| 005 |
20210117205849.0 |
| 008 |
960403s1971 us eng |
| 020 |
|
|
|a 0262230488
|q (Πανόδετο)
|
| 040 |
|
|
|a GR-PaULI
|c GR-PaULI
|
| 041 |
0 |
|
|a eng
|
| 050 |
|
4 |
|a 78-138842
|
| 100 |
1 |
|
|a Waymouth, John F.
|9 150780
|
| 245 |
1 |
0 |
|a Electric discharge lamps
|c John F. Waymouth
|
| 260 |
|
|
|a Massachusetts
|b The MIT Press
|c 1971
|
| 300 |
|
|
|a vii, 353 p.
|b fig.
|c 23,5 cm
|
| 490 |
0 |
|
|a Monographs in modern electrical technology
|v 2
|
| 505 |
1 |
|
|a Includes appendix . - references . - index
|
| 650 |
|
4 |
|a Φυσικά ηλεκτρονικά
|9 149519
|
| 760 |
1 |
|
|a Monographs in modern electrical technology
|g 2
|
| 852 |
|
|
|a GR-PaULI
|b ΠΑΤΡΑ
|b ΦΥΣΙΚΟ
|k ΑΕΧ-1
|h 537.5 WAY
|m 03210
|p 025000024480
|t 1
|
| 942 |
|
|
|2 ddc
|c BK15
|
| 952 |
|
|
|0 0
|1 0
|4 0
|6 537_500000000000000_WAY
|7 0
|9 193774
|a PHYS
|b PHYS
|d 2016-04-24
|i 03210
|l 0
|o 537.5 WAY
|p 025000024480
|r 2016-04-24 00:00:00
|t 1
|w 2016-04-24
|y BK15
|
| 999 |
|
|
|c 118816
|d 118816
|